NFL Top 25 Rushing Leaders Since 2020 - Statistics

General Stats
  • This quiz has been taken 171 times
  • The average score is 22 of 25
Answer Stats
# Yds Team(s) Answer % Correct
1 7,590 TEN, BAL Derrick Henry
100%
4 4,906 NYG, PHI Saquon Barkley
100%
3 5,724 LV, GB Josh Jacobs
99%
5 4,818 GB, MIN Aaron Jones
98%
2 6,013 IND Jonathan Taylor
98%
7 4,497 CIN, HOU Joe Mixon
97%
10 4,353 CLE Nick Chubb
97%
9 4,371 NO Alvin Kamara
96%
6 4,510 CHI, DET David Montgomery
95%
11 4,312 PIT Najee Harris
95%
14 4,123 MIN, NYJ Dalvin Cook
94%
8 4,389 PIT, ARI James Conner
94%
19 3,467 CAR, SF Christian McCaffrey
92%
13 4,245 DAL, TEN Tony Pollard
90%
17 3,688 DET, PHI, CHI D'Andre Swift
89%
15 3,725 DAL, NE Ezekiel Elliott
86%
24 3,066 NE Rhamondre Stevenson
83%
20 3,351 LAC, WAS Austin Ekeler
81%
12 4,272 BAL Lamar Jackson
81%
22 3,175 CAR Chuba Hubbard
79%
16 3,711 BUF, HOU, NYG Devin Singletary
77%
25 3,001 BUF Josh Allen
73%
23 3,133 PHI Jalen Hurts
68%
18 3,527 PHI, CAR Miles Sanders
67%
21 3,181 WAS, NE Antonio Gibson
61%
No matching quizzes found
Score Distribution
Percent of People with Each Score
Percentile by Number Answered
Your Score History
You have not taken this quiz